00706nam a2200193 a 450000100100000000500170001000800410002704000250006808200160009310000230010924000340013224500860016626000440025230000210029650000350031770000290035295201140038199900170049500003634420200930075659.0120113s2005 ja 000 0 spa d aDO-SdBNPbspacBNPHU axxxxbF961b1 aFrew, Gavin96251610aTakemitsu shimatsulJaponés10aThe bamboo swerd and other samurai tales /cGavin Frew, translated by Gavin Frew. aTokyo :bKodansha International,c2005. a253 p. ;c19 cm. aTítulo original en japonés12aFrew, Gavin,etr.962516 001050718MOaPDbPDcCTd2012-01-16iLF1l0oxxxx F961bp36345-10r2020-06-25w2020-06-25y1ZNo se presta c35835d35835